=LDR 00000nam 2200000 4500 =001 INLIS000000000014776 =005 20130612110044 =008 ***********************************Ind** =035 ##$$0010-061300000014776 =041 ##$$a Ind =082 ##$$a 641.5 =090 ##$$a 641.5, Was c =100 ##$$a Waspadji, Sarwono =245 ##$$a Cara nudah mengatur makanan sehari-hari, seimbang dan sesuai kebutuhan gizi, Sarwono Waspadji, Gatut Semiardji =260 ##$$a 2004 $b Jakarta =300 ##$$a v, 25 bhlm, Il6c21 cm =650 ##$$a Hidangan =850 ##$$a NBPNMAT